| 000 | 01498nam1a2200289 i 4500 | ||
|---|---|---|---|
| 001 | RU\NLR\bibl\1731318 | ||
| 005 | 20240920182104.0 | ||
| 035 | _a(NLR Aleph) 001722268 | ||
| 090 |
_a1347282 _c1347282 |
||
| 100 | _a20110203d2009 u y0rusy50 ca | ||
| 101 | 0 | _arus | |
| 102 | _aRU | ||
| 105 | _a||||z ||||| | ||
| 200 | 1 |
_aЧисленные методы анализа и линейной алгебры _eучебное пособие _e[в 2 ч.] _fБ.И. Квасов _gФедер. агентство по образованию, Новосиб. гос. ун-т, Механико-математ. фак. |
|
| 210 |
_aНовосибирск _cНовосибирский государственный университет _d2009 |
||
| 215 | _d20 | ||
| 463 | 0 | _10011493042 | |
| 463 | 0 | _10011493052 | |
| 606 | 1 |
_aМатематический анализ _jУчебные издания для высших учебных заведений _xЗадачи _xРешение _xЧисленные методы _92234031 _3RU\NLR\auth\661340805 |
|
| 606 | 1 |
_aЛинейная алгебра _jУчебные издания для высших учебных заведений _xЗадачи _xРешение _xЧисленные методы _92085491 _3RU\NLR\auth\661261609 |
|
| 686 | _aВ192.1я73-1 | ||
| 700 | 1 |
_aКвасов _bБ. И. _gБорис Ильич _4070 |
|
| 801 | 0 |
_aRU _bNLR _c20110203 _gRCR |
|
| 801 | 1 |
_aRU _bNLR _c20110203 |
|
| 852 |
_aNLR _j2010-3/10412 |
||
| 942 | _cBOOK | ||